01124nam a2200241 a 450000100100000000500170001000800410002702000150006804000250008308200150010810000340012324501710015726000720032830000440040049000430044450000690048750000740055650400310063070000410066183000500070295201130075299900170086500004149820201002034938.0131008s1993 sp abc 000 0 spa d a8400073541 aDO-SdBNPbspacBNPHU axxxbP438i1 aPérez Miguel, Aurora91576310aImpacto Ecólogico en la costa noroeste de América tras la llegada de los Europeos (siglos XVIII a XX) /cAurora Pérez Miguel ; prólogo de Francisco de Solano. aMadrid :bConsejo Superior de Investigaciones Científicas,c1993. a207 p., :bil., mapas, retrs. ;c24 cm.1 aBiblioteca de historia de Américav8 aIncluye datos biograficos del autor en la solapa de la cubierta. aIncluye referencias bibliográficas y notas al pie de las páginas. aBibliografía: p. 205-20712aSolano, Francisco deepról.915306 0aBiblioteca de historia de Américan8968199 001050718MOaGRbGRcCTd2013-10-08iLF1l0oxxx P438ip41498-10r2020-06-25w2020-06-25y1ZNo se presta c40988d40988